Historietas Argentinas - Estadísticas

Estadísticas generales
  • Esta prueba ha sido intentada 49 veces
    42 desde el último reinicio
  • La puntuación promedio es 8 de 20
Estadísticas de respuestas
Imagen Respuesta % Correcto
Gaturro
97%
Mafalda
97%
El Eternauta
84%
Hijitus
77%
Anteojito
68%
Clemente
68%
Paturuzú
65%
Isidoro Cañones
48%
Matias
48%
Inodoro Pereyra
45%
Diógenes y el Linyera
19%
Don Fulgencio
10%
El loco Chávez
10%
Nippur de Lagash
10%
Cybersix
3%
Don Nicola
3%
Enriqueta
3%
Langostino
3%
Negrazón y Chaveta
3%
Mort Cinder
0%
No se encontraron pruebas coincidentes
Distribución de puntuación
Porcentaje de gente con cada puntuación
Porcentaje por número respondido
Historial de tus puntuaciones
No has intentado esta prueba desde el último reinicio